| 000 | 00815nmm a2200193 u 4500 | ||
|---|---|---|---|
| 005 | 20240611063652.0 | ||
| 008 | 090527s2007 cu b spa d | ||
| 020 | _a9592371148 | ||
| 035 | _aUPN01000170701 | ||
| 049 | _aCD | ||
| 050 | 4 |
_aQA159 _bA4.4 |
|
| 245 | 0 | 0 | _aAlgebra. |
| 260 |
_aLa Habana : _bCitmatel, _c2007. |
||
| 300 |
_a1 CD-ROM : _c4 3/4 plg. |
||
| 440 | 0 |
_aMatemáticas. _pEducativa |
|
| 538 | _aRequerimiento computacionales: IBM o PC compatible con kit para multimedia; MS Windows 98/ME/NT(service pack 6.0)/2000/XP; MS Internet Explorer (versión 5 o superior) o Nestcape Navegator (versión &.01 o superior); Emplea Macromedia Flash Player (versión V o superior); Diseñado para una resolución de 800x600 pixels | ||
| 650 | 4 |
_aÁlgebra _xEstudio y enseñanza _92073 |
|
| 905 | _aElectrónico | ||
| 999 |
_c142806 _d142806 |
||